000 00485nam a2200181Ia 4500
001 19409
005 20260306172651.0
008 260306t2000||||xx |||||||||||||| ||spa||
041 _aESP
082 _a659.133
_bJ21
100 _aJanal, Daniel S.
_eAUT
245 0 _aMarketing en internet:
_bcómo lograr que la gente visite, compre y regrese a su sitio web
260 _c2000
300 _a386 páginas :
_c23 cm.
650 _aGEN
654 _aCAN
942 _cLIB
_dJUS
_fJUS
_2ddc
_n
999 _c19409
_d19409